<?xml version="1.0" encoding="UTF-8"?><?xml-stylesheet type="text/xsl" href="static/style.xsl"?><OAI-PMH xmlns="http://www.openarchives.org/OAI/2.0/" xmlns:xsi="http://www.w3.org/2001/XMLSchema-instance" xsi:schemaLocation="http://www.openarchives.org/OAI/2.0/ http://www.openarchives.org/OAI/2.0/OAI-PMH.xsd"><responseDate>2026-04-17T03:35:01Z</responseDate><request verb="GetRecord" identifier="oai:www.recercat.cat:2445/12262" metadataPrefix="marc">https://recercat.cat/oai/request</request><GetRecord><record><header><identifier>oai:recercat.cat:2445/12262</identifier><datestamp>2025-12-04T21:06:44Z</datestamp><setSpec>com_2072_1057</setSpec><setSpec>col_2072_478818</setSpec><setSpec>col_2072_478917</setSpec></header><metadata><record xmlns="http://www.loc.gov/MARC21/slim" xmlns:dcterms="http://purl.org/dc/terms/" xmlns:xsi="http://www.w3.org/2001/XMLSchema-instance" xmlns:doc="http://www.lyncode.com/xoai" xsi:schemaLocation="http://www.loc.gov/MARC21/slim http://www.loc.gov/standards/marcxml/schema/MARC21slim.xsd">
   <leader>00925njm 22002777a 4500</leader>
   <datafield ind2=" " ind1=" " tag="042">
      <subfield code="a">dc</subfield>
   </datafield>
   <datafield ind2=" " ind1=" " tag="720">
      <subfield code="a">Gilabert Barberà, Pau</subfield>
      <subfield code="e">author</subfield>
   </datafield>
   <datafield ind2=" " ind1=" " tag="260">
      <subfield code="c">2010-04-26T10:57:01Z</subfield>
   </datafield>
   <datafield ind2=" " ind1=" " tag="260">
      <subfield code="c">2010-04-26T10:57:01Z</subfield>
   </datafield>
   <datafield ind2=" " ind1=" " tag="260">
      <subfield code="c">2010</subfield>
   </datafield>
   <datafield ind2=" " ind1=" " tag="520">
      <subfield code="a">Podeu consultar la versió en català a: http://hdl.handle.net/2445/12176 i en castellà a: http://hdl.handle.net/2445/12177</subfield>
   </datafield>
   <datafield ind2=" " ind1=" " tag="520">
      <subfield code="a">The title of this brief article quite clearly illustrates its aims and evident limitations. In principle, a search for a Greek basis of the misogynist content of Andreas Capellanus's De amore is likely to lead researchers to focus on analysis of the sources -Greek sources, of course. However, there is no doubt that Ovid, the most frequently quoted ancient author, in this case the structural source, above all his Ars Amatoria, Remedia Amoris and Heroides, which is quite logical in light of the remarkable presence and influence of Ovid's works throughout that time. There was also a good knowledge of the works of Cicero, Virgil, Horace and Juvenal. However, other classical authors, even the Greeks -those who were known then-, were undoubtedly read in the schools, but the knowledge of their works was certainly superficial. Furthermore, given the scholastic method followed in De amore, it would be absurd not to consider the use of many quotations that appeared in the Compendia and in handbooks of religious instruction.</subfield>
   </datafield>
   <datafield tag="653" ind2=" " ind1=" ">
      <subfield code="a">Classicisme</subfield>
   </datafield>
   <datafield tag="653" ind2=" " ind1=" ">
      <subfield code="a">Misogínia</subfield>
   </datafield>
   <datafield tag="653" ind2=" " ind1=" ">
      <subfield code="a">Filosofia antiga</subfield>
   </datafield>
   <datafield tag="653" ind2=" " ind1=" ">
      <subfield code="a">Classicism</subfield>
   </datafield>
   <datafield tag="653" ind2=" " ind1=" ">
      <subfield code="a">Misogyni</subfield>
   </datafield>
   <datafield tag="653" ind2=" " ind1=" ">
      <subfield code="a">Ancient philosophy</subfield>
   </datafield>
   <datafield tag="653" ind2=" " ind1=" ">
      <subfield code="a">André, le chapelain. De amore</subfield>
   </datafield>
   <datafield tag="653" ind2=" " ind1=" ">
      <subfield code="a">Andreas Capellanus, s. XII-XIII. De amore</subfield>
   </datafield>
   <datafield tag="653" ind2=" " ind1=" ">
      <subfield code="a">Women's studies</subfield>
   </datafield>
   <datafield ind2="0" ind1="0" tag="245">
      <subfield code="a">Greek misogynist tradition in Andreas Capellanus's De amore</subfield>
   </datafield>
</record></metadata></record></GetRecord></OAI-PMH>